Normas para el cálculo y ejecución de estructuras metálicas, hormigón armado y forjados de ladrillo armado. (Registro nro. 113964)

Detalles MARC
000 -LEADER
campo de control de longitud fija 00651nam a2200181 i 4500
001 - NÚMERO DE CONTROL
campo de control 113964
003 - IDENTIFICADOR DE NÚMERO DE CONTROL
campo de control ES-MaACL
005 - FECHA Y HORA DE LA ÚLTIMA TRANSACCIÓN
campo de control 20230906190038.0
007 - CAMPO FIJO DE DESCRIPCIÓN FÍSICA--INFORMACIÓN GENERAL
campo de control de longitud fija t|
008 - DATOS DE LONGITUD FIJA--INFORMACIÓN GENERAL
campo de control de longitud fija 061121m19401960sp r ||||1| spa d
110 1# - ENTRADA PRINCIPAL--NOMBRE DE ENTIDAD CORPORATIVA
Nombre de entidad corporativa o nombre de jurisdicción como elemento de entrada España. Dirección General de Arquitectura.
9 (RLIN) 3702
245 10 - MENCIÓN DEL TÍTULO
Título Normas para el cálculo y ejecución de estructuras metálicas, hormigón armado y forjados de ladrillo armado.
250 ## - MENCION DE EDICION
Mención de edición 2ª. ed.
260 ## - PUBLICACIÓN, DISTRIBUCIÓN, ETC.
Lugar de publicación, distribución, etc. Madrid :
Nombre del editor, distribuidor, etc. [s.n.],
Fecha de publicación, distribución, etc. [194?] (
Fabricante Imp. Vega)
300 ## - DESCRIPCIÓN FÍSICA
Extensión 71 p. ;
Dimensiones 23 cm.
500 ## - NOTA GENERAL
Nota general Precede al Tit : Ministerio de la Gobernación. Dirección General de Arquitectura.
852 ## - LOCALIZACIÓN
Ubicación ES-MaACL
Número de control de estantería 1893-F-11
Sublocalización o colección R.26993
Existencias
Estatus retirado Estado de pérdida Estado de daño No para préstamo Colección Biblioteca de origen Biblioteca actual Ubicación en estantería Fecha de adquisición Fuente de adquisición Total de préstamos Signatura topográfica completa Código de barras Visto por última vez Precio de reemplazo Tipo de ítem Koha
        Colección de folletos Biblioteca del Ateneo de Madrid Biblioteca del Ateneo de Madrid Depósito folletos 17/01/2008     1893-F-11 1118852 23/02/2023 23/02/2023 Folleto